=LDR 00000nam 2200000 4500 =001 INLIS000000000039316 =005 20130612144942 =008 ***********************************Ind** =035 ##$$0010-061300000039316 =041 ##$$a Ind =082 ##$$a 028..5 =090 ##$$a 028..5, Abd m =100 ##$$a Abdillah,Cut Syifa Fauziah =245 ##$$a Meilleurs Voeux, Serunya Geng Persahabatan =650 ##$$a Bacaan Kanak-Kanak =850 ##$$a NBPNMAT